Score 0/26 Timer 03:00
0 Plays Today
Clue 4-Letter Word % Correct
Waist accessoryBELT
96.1%
TugPULL
95.5%
Church ringerBELL
95.5%
Matador's 'opponent'BULL
95.1%
Peter Pan characters: ___ BoysLOST
90.5%
Balled hand
[Rung 18][Rung 26]: Post-workout
alternative to a high-five
💪 FIST 💪
89.3%
Shark, barb or carp, e.g.FISH
88.2%
Metallic element
[Rung 11][Rung 18]: Marvel superhero
💪 IRON 💪
88%
Series of itemsLIST
87.9%
Modern PersiaIRAN
86.1%
BelchBURP
84.7%
ShrubBUSH
84.3%
Juicy part of fruitPULP
82.9%
Clue 4-Letter Word % Correct
Edible legumeBEAN
81.3%
Strike or blowBEAT
80.9%
Gait between walk and runTROT
80.7%
Sound a hornTOOT
79.8%
PlunderLOOT
79.3%
1982 Jeff Bridges filmTRON
79.1%
Wheat huskBRAN
77.1%
Device used for moving fluids
[Rung 1][Rung 11]: Exercise with weights
💪 PUMP 💪
69%
To cause to strike; collide💪 BUMP 💪
62.4%
OccupiedBUSY
58.4%
InterBURY
54.1%
Actress Lillian ___GISH
53.3%
Flow freely or forciblyGUSH
52.6%

Today's Daily Dose

Missing Word
'T' Pairs

Word Ladder
Game Pieces

Get the Picture
Baseball Movies

Remove Ads.
Support Sporcle.
Get the best of Sporcle when you Go Orange. This ad-free experience offers more features, more stats, and more fun while also helping to support Sporcle. Thank you for becoming a member.

You're not logged in!

Compare scores with friends on all Sporcle quizzes.
OR
Log In

Show Comments

Extras

Top Quizzes Today


Score Distribution

Your Account Isn't Verified!

In order to create a playlist on Sporcle, you need to verify the email address you used during registration. Go to your Sporcle Settings to finish the process.

Report this User

Report this user for behavior that violates our Community Guidelines.

Details: